000 00528nam a22001817a 4500
999 _c526128
_d526128
003 NUST
020 _qHBK
038 _aFaiza
082 _a891.4911
_bATI
100 _aAfghani, Atiq Akhter
_917093
245 _aDukh Rohi Dy /
_cAtiq Akhtar Afghani
260 _aLahore :
_bSuchit Kitab Ghar,
_c2003.
300 _a176 p. ;
880 _6100-01\r
_aعتیق اختر افغانی
880 _6245-02\r
_aدُکھ روہی دے /
880 _6260-03\r
_aلاہور :
_bسچیت کتاب گھر,
_c۲۰۰۳.
942 _2ddc
_cBK